00501cam a22001572 4500001001100000005001700011008004100028020001700069040001500086100003300101245008600134260003400220300001900254650004100273700002900314000000598820151217152010.0070911s xx 000 0 eng d a0071166459 : aKABUcKABU1 aChurch, Jeffrey.@000015732010aIndustrial organization :ba strategic approach /cJeffrey Church and Roger Ware. aBoston :bMcGraw-Hill,c2000. axxxii, 926 p. 0aIndustrial organization.@00001511711 aWare, Roger.@0000157321